Language Quiz

Random Language Quiz

Rhymes With 'Ug' Quiz Stats

 Plays Quiz not verified by Sporcle

Support Sporcle.
Go Orange.
Score 0/18 Timer 04:00
0 Plays Today
Answer % Correct
Bug
99.5%
Dug
99.3%
Mug
99.1%
Hug
98.4%
Pug
98%
Lug
97.5%
Rug
97.3%
Tug
97.1%
Jug
96.6%
Answer % Correct
Slug
94.4%
Drug
92.1%
Plug
91.2%
Smug
89.8%
Chug
88.9%
Snug
88.5%
Shrug
86%
Glug
84%
Thug
79.7%

You're not logged in!

Compare scores with friends on all Sporcle quizzes.
OR
Log In
Forgot?

From the Vault

Europe's Largest Cities

by Ben

We're pretty sure anybody who gets 100% on this quiz the first (or perhaps even the second) time should definitely try out for Jeopardy.
Remove Ads.
Support Sporcle.
Get the best of Sporcle when you Go Orange. This ad-free experience offers more features, more stats, and more fun while also helping to support Sporcle. Thank you for becoming a member.

Show Comments

Extras

Created Jan 12, 2016ReportNominate
Tags:Rhyme

Top Quizzes Today


Score Distribution

Your Account Isn't Verified!

In order to create a playlist on Sporcle, you need to verify the email address you used during registration. Go to your Sporcle Settings to finish the process.

Report this User

Report this user for behavior that violates our Community Guidelines.

Details: